Social media as surveillance (Record no. 212249)
[ view plain ]
| 000 -LEADER | |
|---|---|
| fixed length control field | 01728nam a2200373 a 4500 |
| 082 04 - DEWEY DECIMAL CLASSIFICATION NUMBER | |
| Classification number | 006.7/54 |
| 100 1# - MAIN ENTRY--AUTHOR NAME | |
| Personal name | Trottier, Daniel. |
| 245 10 - TITLE STATEMENT | |
| Title | Social media as surveillance |
| 260 ## - PUBLICATION, DISTRIBUTION, ETC. (IMPRINT) | |
| Place of publication | Farnham, Surrey, England ; |
| -- | Burlington, Vt. : |
| Name of publisher | Ashgate, |
| Year of publication | 2012. |
| 300 ## - PHYSICAL DESCRIPTION | |
| Number of Pages | 213 p. |
| 505 0# - FORMATTED CONTENTS NOTE | |
| Formatted contents note | Introducing social media surveillance -- What kind of dwelling is Facebook? Scholarly perspectives -- Interpersonal social media surveillance -- Institutional social media surveillance -- Market social media surveillance -- Policing social media -- What's social about social media? Conclusions and recommendations. |
| 650 #0 - SUBJECT ADDED ENTRY--TOPICAL TERM | |
| Topical Term | Online social networks. |
| Topical Term | Social media. |
| Topical Term | Internet |
| Topical Term | Electronic surveillance. |
| Topical Term | Electronic intelligence. |
| Topical Term | Privacy, Right of. |
| 856 40 - ELECTRONIC LOCATION AND ACCESS | |
| Uniform Resource Identifier | http://site.ebrary.com/lib/rucke/Doc?id=10596960 |
No items available.
